<?xml version="1.0" encoding="UTF-8"?>
<record
    xmlns:xsi="http://www.w3.org/2001/XMLSchema-instance"
    xsi:schemaLocation="http://www.loc.gov/MARC21/slim http://www.loc.gov/standards/marcxml/schema/MARC21slim.xsd"
    xmlns="http://www.loc.gov/MARC21/slim">

  <leader>01040nam a2200253 i 4500</leader>
  <controlfield tag="001">34383</controlfield>
  <controlfield tag="003">ES-MaACL</controlfield>
  <controlfield tag="005">20250803063034.0</controlfield>
  <controlfield tag="007">t|</controlfield>
  <controlfield tag="008">030204s1918    sp           ||||1| spa d</controlfield>
  <datafield tag="100" ind1="1" ind2=" ">
    <subfield code="a">Blavatsky, H. P.,</subfield>
    <subfield code="d">1831-1891</subfield>
    <subfield code="9">148372</subfield>
  </datafield>
  <datafield tag="245" ind1="1" ind2="0">
    <subfield code="a">Por las grutas y selvas del Indost&#xE1;n / </subfield>
    <subfield code="c">traducci&#xF3;n de los art&#xED;culos escritos en ruso por Helena Petrovna Blavatsky ; pr&#xF3;logo, notas y comentarios por Mario Roso de Luna.</subfield>
  </datafield>
  <datafield tag="260" ind1=" " ind2=" ">
    <subfield code="a">Madrid : </subfield>
    <subfield code="b">Librer&#xED;a de la Viuda de Pueyo, </subfield>
    <subfield code="c">1918 (</subfield>
    <subfield code="f">Imp. Hel&#xE9;nica)</subfield>
  </datafield>
  <datafield tag="300" ind1=" " ind2=" ">
    <subfield code="a">XXXIX, 533 p. : </subfield>
    <subfield code="b">1 retr. ; </subfield>
    <subfield code="c">25 cm.</subfield>
  </datafield>
  <datafield tag="530" ind1=" " ind2=" ">
    <subfield code="a">Disponible en formato digital.</subfield>
  </datafield>
  <datafield tag="599" ind1=" " ind2=" ">
    <subfield code="a">Retr. de H.P. Blavatsky.</subfield>
  </datafield>
  <datafield tag="651" ind1=" " ind2="4">
    <subfield code="a">India-</subfield>
    <subfield code="x">Descripci&#xF3;n.</subfield>
    <subfield code="9">8839</subfield>
  </datafield>
  <datafield tag="651" ind1=" " ind2="4">
    <subfield code="a">India-</subfield>
    <subfield code="x">Religi&#xF3;n.</subfield>
    <subfield code="9">163776</subfield>
  </datafield>
  <datafield tag="700" ind1="1" ind2=" ">
    <subfield code="a">Roso de Luna, Mario,</subfield>
    <subfield code="d">1872-1931</subfield>
    <subfield code="9">99794</subfield>
  </datafield>
  <datafield tag="852" ind1=" " ind2=" ">
    <subfield code="a">ES-MaACL</subfield>
    <subfield code="j">C-4324</subfield>
    <subfield code="c">SPAL</subfield>
    <subfield code="z">Revisado enlace: 7 de julio de 2025</subfield>
  </datafield>
  <datafield tag="856" ind1="4" ind2=" ">
    <subfield code="u">http://bdh-rd.bne.es/viewer.vm?id=0000074566&amp;page=1 </subfield>
    <subfield code="y">Biblioteca Digital Hisp&#xE1;nica</subfield>
  </datafield>
  <datafield tag="942" ind1=" " ind2=" ">
    <subfield code="2">udc</subfield>
  </datafield>
  <datafield tag="999" ind1=" " ind2=" ">
    <subfield code="c">34383</subfield>
    <subfield code="d">34383</subfield>
  </datafield>
  <datafield tag="952" ind1=" " ind2=" ">
    <subfield code="0">0</subfield>
    <subfield code="1">0</subfield>
    <subfield code="4">0</subfield>
    <subfield code="7">0</subfield>
    <subfield code="8">Colecci&#xF3;n_digital</subfield>
    <subfield code="a">ATENEOM</subfield>
    <subfield code="b">ATENEOM</subfield>
    <subfield code="c">SPAL</subfield>
    <subfield code="d">2008-01-17</subfield>
    <subfield code="e">SC</subfield>
    <subfield code="l">0</subfield>
    <subfield code="o">C-4324</subfield>
    <subfield code="p">1035861</subfield>
    <subfield code="r">2023-02-23 00:00:00</subfield>
    <subfield code="w">2023-02-23</subfield>
    <subfield code="y">MONOGRAFIA</subfield>
  </datafield>
</record>
